| 000 | 02953njm a2200505Ia 4500 | ||
|---|---|---|---|
| 001 | A1798 | ||
| 003 | IT-RoPAU | ||
| 005 | 20220918181111.0 | ||
| 008 | 131025s9999 xx 000 0 und d | ||
| 040 | _aIT-RoPAU | ||
| 040 | _cIT-RoPAU | ||
| 041 | _aINGLESE | ||
| 999 |
_c98994 _d98994 |
||
| 999 | _bn.d. | ||
| 100 |
_aAA.VV. _9794 |
||
| 100 |
_eAutore musica _927914 |
||
| 100 |
_gCodice autore musica SPICS: 12000 _9796 |
||
| 245 | _aNight Calls | ||
| 250 | _a1a ed. | ||
| 260 | _aUSA | ||
| 260 |
_bCAPITOL RECORDS _c1991 [1a Ed.:1991 - Ed. Lingua Orig.: 1991] |
||
| 300 | _aCOMPACT DISC | ||
| 500 | _aMusica pop. | ||
| 505 | _aLove Is Alive - Little Bit of Love - Please No More - There's A Storm Coming - You'Ve Got To Hide Your Love Away - I Can Hear the River - Don't Let the Sun Go Down On Me - Night Calls - Five Women - Can't Find My Way Home - Not Too Young To Die of A Broken Heart - Out of the Rain | ||
| 650 |
_aPOP [COMPACT DISC] _eCodice MATERIA SPICS: 9949 _910570 |
||
| 700 |
_aCocker Joe _eInterprete _gCodice interprete SPICS: 10157 _927915 |
||
| 700 |
_aWright Gary _eAutore testo/musica _gCodice autore testo/musica SPICS: 22603 _pLove Is Alive _927916 |
||
| 700 |
_aRodgers Richard _eAutore musica _gCodice autore musica SPICS: 11120 _pLittle Bit of Love _927917 |
||
| 700 |
_aKirke _eAutore _gCodice autore SPICS: 34949 _pLittle Bit of Love _927918 |
||
| 700 |
_aFraser M. _eAutore testo/musica _gCodice autore testo/musica SPICS: 28175 _pLittle Bit of Love _927919 |
||
| 700 |
_aEgan _eAutore musica _gCodice autore musica SPICS: 16002 _pPlease No More _927920 |
||
| 700 |
_aHansen _eAutore _gCodice autore SPICS: 15613 _pPlease No More _927921 |
||
| 700 |
_aHadley J. _eAutore musica _gCodice autore musica SPICS: 34950 _pThere's A Storm Coming _927922 |
||
| 700 |
_aWilson W. _eAutore _gCodice autore SPICS: 27882 _pThere's A Storm Coming _927923 |
||
| 700 |
_aLennon John _eAutore musica _gCodice autore musica SPICS: 13133 _pYou'Ve Got To Hide Your Love Away _927924 |
||
| 700 |
_aMcCartney Paul _eAutore musica _gCodice autore SPICS: 8084 _pYou'Ve Got To Hide Your Love Away _927925 |
||
| 700 |
_aDixon _eAutore musica _gCodice autore musica SPICS: 15738 _pI Can Hear the River _927926 |
||
| 700 |
_aJohn Elton _eAutore musica _gCodice autore musica SPICS: 10876 _pDon't Let the Sun Go Down On Me _927927 |
||
| 700 |
_aTaupin Bernie _eAutore _gCodice autore SPICS: 22324 _pDon't Let the Sun Go Down On Me _927928 |
||
| 700 |
_aLynne Jeff _eAutore musica _gCodice autore musica SPICS: 22602 _pNight Calls _927929 |
||
| 700 |
_aPrince _eAutore musica _gCodice autore musica SPICS: 2331 _pFive Women _927930 |
||
| 700 |
_aWinwood Steve _eAutore musica _gCodice autore musica SPICS: 9987 _pCan't Find My Way Home _927931 |
||
| 700 |
_aBourgeois Brent _eAutore musica _gCodice autore musica SPICS: 34953 _pNot Too Young To Die of A Broken Heart _927932 |
||
| 700 |
_aWhite Tony Joe _eAutore musica _gCodice autore musica SPICS: 31071 _pOut of the Rain _927933 |
||
| 942 |
_cCD _2ddc |
||